SERAT-UL-NABI (Record no. 569695)
[ view plain ]
| 000 -LEADER | |
|---|---|
| fixed length control field | 00318nam a22001217a 4500 |
| 082 ## - DEWEY DECIMAL CLASSIFICATION NUMBER | |
| Classification number | 297.63 NOU |
| 100 ## - MAIN ENTRY--PERSONAL NAME | |
| Personal name | ALAMA SHABLI NOUMANI |
| 9 (RLIN) | 59805 |
| 245 ## - TITLE STATEMENT | |
| Title | SERAT-UL-NABI |
| 260 ## - PUBLICATION, DISTRIBUTION, ETC. | |
| Place of publication, distribution, etc. | LAHORE |
| Name of publisher, distributor, etc. | NIZAMI PRINTERS |
| Date of publication, distribution, etc. | 1985 |
| 300 ## - PHYSICAL DESCRIPTION | |
| Extent | 579P |
| 650 ## - SUBJECT ADDED ENTRY--TOPICAL TERM | |
| Topical term or geographic name entry element | ISLAM-BIOGRAPHY-PROPHET MUHAMMAD PEACE BE UPON HIM |
| 9 (RLIN) | 17584 |
| 942 ## - ADDED ENTRY ELEMENTS (KOHA) | |
| Koha item type | Book |
| Withdrawn status | Lost status | Damaged status | Not for loan | Permanent Location | Current Location | Shelving location | Date acquired | Total Checkouts | Full call number | Barcode | Date last seen | Price effective from | Koha item type |
|---|---|---|---|---|---|---|---|---|---|---|---|---|---|
| College of Electrical & Mechanical Engineering (CEME) | College of Electrical & Mechanical Engineering (CEME) | General Stacks | 07/19/2017 | 297.63 NOU | CEME-1178 | 06/28/2021 | 06/28/2021 | Book |
